000 01287nam a2200289 i 4500
001 187007
003 SpMaBN
005 20251207124311.0
008 170327s1981 sp |||| | spa d
020 _a84-7472-028-1
080 _a1 Avicena
245 0 0 _aMilenario de Avicena
_b: [actas del coloquio internacional celebrado en Madrid en marzo de 1980] /
_cA. Badawi, M. Cruz Hernández, J.A. García-Junceda, S. Gómez Nogales, R. Muñoz.
260 _aMadrid :
_bInstituto Hispano-Árabe de Cultura,
_c1981.
300 _a99 p. ;
_c24 cm.
490 1 _aCuadernos del Seminario de Estudios de Filosofía y Pensamiento Islámicos ;
_v2
504 _aReferencias bibliográficas.
594 _aEn p. 5: Actas del coloquio internacional celebrado en Madrid en marzo de 1980.
600 0 7 _aAvicena-
_xCrítica e interpretación.
_924039
700 1 _aBadawi, Abd al-Rahman,
_d1917-2002
_9162195
700 1 _aCruz Hernández, Miguel.
_941830
700 1 _aGarcía-Junceda, José Antonio.
_954802
700 1 _aGómez Nogales, Salvador.
_958077
710 2 _aInstituto Hispano-Árabe de Cultura.
_9162165
830 0 _aCuadernos del Seminario de Estudios de Filosofía y Pensamiento Islámicos ;
_v2
_9192736
852 _aES-MaACL
_jL-31326
999 _c187007
_d187007